| 000 | 00734nam a2200217 a 4500 | ||
|---|---|---|---|
| 001 | 000024685 | ||
| 005 | 20200930023317.0 | ||
| 008 | 110202s1981 mx ac r 001 0 spa d | ||
| 020 | _a0892131670 | ||
| 040 |
_aDO-SdBNP _bspa _cBNPHU |
||
| 082 |
_axxxxx _bE597m |
||
| 245 | 0 | 4 |
_aLas enseñanzas místicas de la reina Kunti : _bSu divina gracia / _ctraducción Marcos Zafarani. |
| 260 |
_aMéxico, D. F. : _bBhaktivedanta book Trust, _c1981. |
||
| 300 |
_axiii, 270 p. : _bil. ; _c22.5 cm. |
||
| 500 | _aIncluye índice alfabético. | ||
| 500 | _aIncluye índice de versos sánscritos | ||
| 500 | _aIncluye glosario de términos. | ||
| 534 | _aTeachings of queen Kunti. | ||
| 700 | 1 |
_aZafarani, Marcos, _etr. _950617 |
|
| 049 | _aBNGR | ||
| 999 |
_c24178 _d24178 |
||